Using multiple regression analysis in real estate appraisal (Record no. 68941)
[ view plain ]
| 000 -LEADER | |
|---|---|
| fixed length control field | 01098cam a2200241 4500 |
| 001 - CONTROL NUMBER | |
| control field | ABS64845 |
| 008 - FIXED-LENGTH DATA ELEMENTS--GENERAL INFORMATION | |
| fixed length control field | 011126n2001 000 0 eng u |
| 035 ## - SYSTEM CONTROL NUMBER | |
| System control number | (Sirsi) u115740 |
| 100 ## - MAIN ENTRY--PERSONAL NAME | |
| Personal name | Isakson, H.R. |
| 245 ## - TITLE STATEMENT | |
| Title | Using multiple regression analysis in real estate appraisal |
| 260 ## - PUBLICATION, DISTRIBUTION, ETC. | |
| Date of publication, distribution, etc. | 2001 |
| 490 ## - SERIES STATEMENT | |
| Series statement | Appraisal Journal |
| Volume/sequential designation | 69(4) October 2001, 424-430(7) |
| 520 ## - SUMMARY, ETC. | |
| Summary, etc. | This research addresses, using a respresentative appraisal report, the dangers of using multiple regression analysis (MRA) to estimate the value of real estate. Illustrates the application of MRA with the appraisal of a manufacturing plant site. The study discusses techniques techniques for avoiding these pitfalls. Finally the study concludes with recommendations to appraisers regarding the application of MRA in the appraisal of real estate. |
| 590 ## - LOCAL NOTE (RLIN) | |
| Local note | ABS |
| 650 ## - SUBJECT ADDED ENTRY--TOPICAL TERM | |
| Topical term or geographic name entry element | MULTIPLE REGRESSION ANALYSIS |
| 650 ## - SUBJECT ADDED ENTRY--TOPICAL TERM | |
| Topical term or geographic name entry element | APPRAISAL |
| 650 ## - SUBJECT ADDED ENTRY--TOPICAL TERM | |
| Topical term or geographic name entry element | COMPARABLE SALES |
| 650 ## - SUBJECT ADDED ENTRY--TOPICAL TERM | |
| Topical term or geographic name entry element | REAL ESTATE |
| 650 ## - SUBJECT ADDED ENTRY--TOPICAL TERM | |
| Topical term or geographic name entry element | PLANT |
| 650 ## - SUBJECT ADDED ENTRY--TOPICAL TERM | |
| Topical term or geographic name entry element | Valuation |
| 9 (RLIN) | 6273 |
| 690 ## - LOCAL SUBJECT ADDED ENTRY--TOPICAL TERM (OCLC, RLIN) | |
| Topical term or geographic name as entry element | PROPERTY-PROPERTY APPRAISAL AND VALUATION |
| 942 ## - ADDED ENTRY ELEMENTS (KOHA) | |
| Suppress in OPAC | 0 |
| Withdrawn status | Lost status | Source of classification or shelving scheme | Damaged status | Not for loan | Home library | Current library | Shelving location | Date acquired | Total Checkouts | Full call number | Barcode | Date last seen | Copy number | Price effective from | Koha item type |
|---|---|---|---|---|---|---|---|---|---|---|---|---|---|---|---|
| Dewey Decimal Classification | London | London | Journal article | 26/11/2001 | ABS64845 | 115740-1001 | 06/08/2019 | 1 | 06/08/2019 | Journal article |